Personnages de Marvel traduits en français - Statistiques

Statistiques générales
  • Ce quiz a été pris 160 fois
  • Le résultat moyen est 11 sur 15
Statistiques - réponses
Hint Réponse % Correct
Capitaine Amérique Captain America
99%
Homme-Araignée Spiderman
98%
Médecin étrange Doctor Strange
97%
Homme de fer Iron Man
96%
Homme-Fourmi Ant-Man
95%
Veuve noire Black Widow
93%
Vision Vision
90%
Machine de Guerre War Machine
79%
Œil de faucon Hawkeye
78%
Nébuleuse Nebula
73%
Seigneur de l'Étoile Star Lord
66%
Gardien rouge Red Guardian
64%
Entaille Furie Nick Fury
50%
Agent E-U U.S. Agent
36%
Sentinelle Sentry
20%
Aucun quiz correspondant
Distribution des résultats
% des personnes avec chaque résultat
Percentile par nombre de réponses
Votre historique - résultats
Vous n’avez pas pris ce quiz